000 00481nam a22001937a 4500
003 MPLRDC
005 20220104174730.0
008 210129b ||||| |||| 00| 0 eng d
020 _a967-65-1454-3
082 _a868.7 ARIP-2
100 _aARIPIN SAID
245 _aGASING BERTUAH
_c
250 _a三版
260 _a
_bPENERBIT FAJAR BAKTI SDN BHD
_c1993
300 _b
490 _aSIRI BACAAN KBSM FAJAR BAKTI TINGKATAN 1
650 _a
942 _cBK
_o868.7 ARIP-2
999 _c60004
_d59994